000 01865cam a2200289 4500500
005 20260301002549.0
041 _afre
042 _adc
100 1 0 _aKrumenacker, Yves
_eauthor
245 0 0 _aQuelle place pour le religieux dans la guerre de Trente Ans ?
260 _c2023.
500 _a42
520 _aSi la guerre de Trente Ans n’est pas une guerre de religion, elle n’en a pas moins d’importants aspects religieux. Le religieux a en effet un poids très fort dans la conscience collective : affermissement des camps confessionnels, millénarisme, développement de la piété. Les soldats, encadrés par des religieux, combattent pour leur foi ; les princes donnent une justification religieuse à la guerre. Enfin, quand on parle de la guerre, on use de termes religieux, on voit des interventions de Dieu, de la Vierge ou des saints.
520 _aAlthough the Thirty Years’ War was not a religious war, it did have important religious aspects. Clergymen had a considerable influence on the collective conscience: they strengthened religious factions, spread millenarianism, and fomented piety. Soldiers, supervised by clergymen, fought for their faith, while princes justified the war on the grounds of religion. Contemporary texts about the conflict use religious language and describe the interventions of God, the Virgin, or the saints.
690 _aaumôniers
690 _aconfessionnalisation
690 _amillénarisme
690 _apiété
690 _athéologie politique
690 _achaplains
690 _adenominations
690 _amillenarianism
690 _apiety
690 _apolitical theology
786 0 _nDix-septième siècle | 299 | 2 | 2023-04-18 | p. 205-224 | 0012-4273
856 4 1 _uhttps://shs.cairn.info/revue-dix-septieme-siecle-2023-2-page-205?lang=fr&redirect-ssocas=7080
999 _c1675211
_d1675211